| 000 | 01075nam a2200205Ii 4500 | ||
|---|---|---|---|
| 003 | JO-AjNU | ||
| 008 | 230605s9999||||xx |||||||||||||| ||und|| | ||
| 017 | _a2001/5/929 | ||
| 040 |
_aJO-AjNU _bara _erda _cJO-AjNU |
||
| 041 | _aara | ||
| 050 | 1 | 4 | _aHF5626.I58312 2001 |
| 100 | 3 |
_aلجنة معايير المحاسبة الدولية ؛ ترجمة جمعية المجتمع العربي للمحاسبين القانونيين الاردن, _eauthor _928469 |
|
| 245 | 0 | 0 | _aمعايير المحاسبة الدولية 2001: النص الكامل لكافة معايير المحاسبة الدولية والتفسيرات الصادرة عن لجنة التفسيرات الدائمة القائمة في 1 يناير 2001 |
| 264 | 3 | 1 | _aعمان: المجمع العربي للمحاسبين القانونيين، 2001 |
| 300 |
_a1528ص _bيحيوي على ملاحق وفهرس من ص 1433-1528ص |
||
| 336 |
_atext _btxt _2rdacontent |
||
| 337 |
_aunmediated _bn _2rdamedia |
||
| 338 |
_avolume _bnc _2rdacarrier |
||
| 650 | 4 |
_aالمحاسبة المالية _928470 |
|
| 999 |
_aA11046 _c14614 _d14614 |
||